00493cam a2200193 a 4500001000800000005001700008008004100025010001700066020002500083040001800108041000800126043001200134080001300146082001700159100000700176101000800183245007800191504003000269476968920180122074005.0860612s1986 maua b 001 0 eng  a 86014192  a0865691495 :c$24.95 aDLCcDLCdDLC aeng an-us--- a302 AMO00a302 AMO2191 a50 aSOC10aSocial stress in the United States :cArnold S. Linsky, Murray A. Straus. aBibliography: p. 155-163.